Optimalizačné modely rovnováhy ponuky a dopytu na trhoch sieťových odvetví
Analýza optimalizačných modelov správania sa spotrebiteľa a producentov na trhu sieťových odvetví, t. j. analýza fenoménu dopytu a ponuky na trhu sieťových odvetví, všeobecné otázky efektívnosti tohto špecifického trhu. Autor ukazuje, ako poznatky vyplývajúce z analýzy podmienok optimálnosti Kuhna –...
Salvato in:
| Autore principale: | |
|---|---|
| Natura: | Capitolo di libro |
| Lingua: | slovacco |
| Soggetti: | |
| Tags: |
Nessun Tag, puoi essere il primo ad aggiungerne!!
|
MARC
| LEADER | 00000nla a2200000 4500 | ||
|---|---|---|---|
| 001 | 0209292 | ||
| 005 | 20240502073457.9 | ||
| 041 | 0 | |a slo | |
| 044 | |a SK | ||
| 245 | 1 | 0 | |a Optimalizačné modely rovnováhy ponuky a dopytu na trhoch sieťových odvetví |c Michal Fendek |
| 520 | |a Analýza optimalizačných modelov správania sa spotrebiteľa a producentov na trhu sieťových odvetví, t. j. analýza fenoménu dopytu a ponuky na trhu sieťových odvetví, všeobecné otázky efektívnosti tohto špecifického trhu. Autor ukazuje, ako poznatky vyplývajúce z analýzy podmienok optimálnosti Kuhna – Tuckera formulované pre relevantné úlohy matematického programovania možno efektívne využiť pri interpretácii vecných vzťahov, zákonitostí a strategických rozhodnutí pri správaní sa spotrebiteľov a výrobcov na trhu sieťového odvetvia. | ||
| 610 | 2 | 0 | |a odvetvia sieťové |
| 610 | 2 | 0 | |a trh |
| 610 | 2 | 0 | |a ponuka |
| 610 | 2 | 0 | |a dopyt |
| 610 | 2 | 0 | |a modely rovnováhy |
| 610 | 2 | 0 | |a rovnováha trhová |
| 610 | 2 | 0 | |a spotrebitelia |
| 610 | 2 | 0 | |a správanie spotrebiteľa |
| 610 | 2 | 0 | |a výrobcovia |
| 610 | 2 | 0 | |a modely |
| 610 | 2 | 0 | |a optimalizácia |
| 100 | 1 | |a Fendek, Michal | |